Kansas City Chiefs Full rosters 2024 - Statistics

General Stats
  • This quiz has been taken 79 times
  • The average score is 7 of 53
Answer Stats
Hint Answer % Correct
chiefs Patrick Mahomes
100%
chiefs Travis Kelce
74%
chiefs Chris Jones
48%
chiefs Trent McDuffie
28%
chiefs Isiah Pacheco
24%
chiefs Rashee Rice
24%
chiefs Creed Humphrey
22%
chiefs Trey Smith
22%
chiefs Blaine Gabbert
20%
chiefs Joe Thuney
19%
chiefs Noah Gray
19%
chiefs Nick Bolton
17%
chiefs Blake Bell
15%
chiefs Justin Watson
15%
chiefs Kadarius Toney
15%
chiefs Clyde Edwards-Helaire
13%
chiefs Harrison Butker
13%
chiefs Jawaan Taylor
13%
chiefs Willie Gay
13%
chiefs George Karlaftis
11%
chiefs Tommy Townsend
11%
chiefs Donovan Smith
9%
chiefs Joshua Williams
9%
chiefs Justin Reid
9%
chiefs Leo Chenal
9%
chiefs L'Jarius Sneed
9%
chiefs Marquez Valdes-Scantling
9%
chiefs Mecole Hardman
9%
chiefs Richie James
9%
chiefs Skyy Moore
9%
chiefs Wanya Morris
9%
chiefs Justyn Ross
7%
chiefs Mike Caliendo
7%
chiefs Mike Edwards
7%
chiefs Nick Allegretti
7%
chiefs Deon Bush
6%
chiefs Drue Tranquill
4%
chiefs James Winchester
4%
chiefs Jaylen Watson
4%
chiefs La'Mical Perine
4%
chiefs Mike Danna
4%
chiefs BJ Thompson
2%
chiefs Darius Harris
2%
chiefs Lucas Niang
2%
chiefs Nic Jones
2%
chiefs Tershawn Wharton
2%
chiefs Chamarri Conner
0%
chiefs Cole Christiansen
0%
chiefs Ekow Boye-Doe
0%
chiefs Felix Anudike-Uzomah
0%
chiefs Jack Cochrane
0%
chiefs Malik Herring
0%
chiefs Neil Farrell
0%
No matching quizzes found
Score Distribution
Percent of People with Each Score
Percentile by Number Answered
Your Score History
You have not taken this quiz